Equipos Argentinos - ¡Muerte súbita! - Estadísticas

Estadísticas generales
  • Esta prueba ha sido intentada 7.417 veces
  • La puntuación promedio es 7 de 15
Answers on the Grid
Answers color-coded by a green-red scale on the quiz's grid according to % correct below.
Deportivo Riestra
Cerro Porteño
Atlético Nacional
Rosario Central
River Plate
2 de Mayo
Defensa y Justicia
Newells Old Boys
Unión Española
Central Norte
Nueva Chicago
Belgrano
Independiente Santa Fe
All Boys
Plaza Colonia
Argentinos Juniors
Boca Juniors
Real Pilar
Aurora
Chaco For Ever
Colegiales
Atlético San Luis
Libertad
Platense
 
Estadísticas de respuestas
Respuesta % Correcto
River Plate
86%
Rosario Central
70%
Newells Old Boys
66%
Boca Juniors
63%
Deportivo Riestra
60%
Argentinos Juniors
56%
Defensa y Justicia
56%
Belgrano
51%
Platense
50%
All Boys
36%
Nueva Chicago
34%
Chaco For Ever
27%
Central Norte
25%
Colegiales
25%
Real Pilar
17%
No se encontraron pruebas coincidentes
Distribución de puntuación
Porcentaje de gente con cada puntuación
Porcentaje por número respondido
Historial de tus puntuaciones
No has intentado esta prueba.